Court of Appeal Civil Appeal No. 18 of 2009 Engineer Ephraim Turinawe, Dewark Limited vs Molly Kyalikunda Turinawe and others (Record no. 5744)
[ view plain ]
| 000 -LEADER | |
|---|---|
| fixed length control field | 00357nam a22000977a 4500 |
| 008 - FIXED-LENGTH DATA ELEMENTS--GENERAL INFORMATION | |
| fixed length control field | 130911b xxu||||| |||| 00| 0 eng d |
| 010 ## - LIBRARY OF CONGRESS CONTROL NUMBER | |
| LC control number | CACAF-66 |
| 245 ## - TITLE STATEMENT | |
| Title | Court of Appeal Civil Appeal No. 18 of 2009 Engineer Ephraim Turinawe, Dewark Limited vs Molly Kyalikunda Turinawe and others |
| 260 ## - PUBLICATION, DISTRIBUTION, ETC. (IMPRINT) | |
| Place of publication, distribution, etc | Court of Appeal Kampala |
| Date of publication, distribution, etc | 20/11/2009 |
| 500 ## - GENERAL NOTE | |
| Materials specified | Justice Kitumba |
| Withdrawn status | Lost status | Source of classification or shelving scheme | Damaged status | Koha normalized classification for sorting | Not for loan | Koha collection | Location (home branch) | Sublocation or collection (holding branch) | Shelving location | Date acquired | Koha issues (times borrowed) | Koha full call number | Piece designation (barcode) | Koha date last seen | Price effective from | Koha item type | Public note |
|---|---|---|---|---|---|---|---|---|---|---|---|---|---|---|---|---|---|
| Dewey Decimal Classification | CACAF_66 | Reference | Law Development Centre Main Library | Law Development Centre Main Library | Reference | 09/11/2013 | CACAF-66 | 6783/2013 | 09/11/2013 | 09/11/2013 | Un Reported Cases | Judgement entered 20/11/2009 |
